[Event "35. Rilton Cup 2005/2006"]
[Site "Stockholm"]
[Date "2005.12.29"]
[Round "3.12"]
[White "Cramling, Pia"]
[Black "Kosmo, Santul"]
[Result "1-0"]
[WhiteElo "2492"]
[BlackElo "2232"]
[PlyCount "45"]
[EventDate "2005.12.27"]
[EventType "swiss"]
[EventRounds "9"]
[EventCountry "SWE"]
[Source "lmi"]
[SourceDate "2006.01.06"]

1. d4 Nf6 2. Nf3 c5 3. d5 e6 4. c4 exd5 5. cxd5 d6 6. e4 a6 7. h3 g6 8. Bd3 b5
9. O-O Bg7 10. Re1 O-O 11. a4 b4 12. Nbd2 a5 13. Bb5 Nbd7 14. Nc4 Nb6 15. Nfd2
Bb7 16. Nxb6 Qxb6 17. Nc4 Qc7 18. Bf4 Rfd8 19. Qc2 Ra7 20. Rad1 Nh5 21. Bh2 Bf8
22. e5 dxe5 23. Rxe5 1-0

[Event "35. Rilton Cup 2005/2006"]
[Site "Stockholm"]
[Date "2005.12.29"]
[Round "3.13"]
[White "Hillarp Persson, Tiger"]
[Black "Eriksson, Jorgen"]
[Result "1-0"]
[WhiteElo "2534"]
[BlackElo "2234"]
[PlyCount "55"]
[EventDate "2005.12.27"]
[EventType "swiss"]
[EventRounds "9"]
[EventCountry "SWE"]
[Source "lmi"]
[SourceDate "2006.01.06"]

1. d4 d5 2. c4 c6 3. Nc3 Nf6 4. e3 a6 5. Nf3 b5 6. c5 Bg4 7. Qb3 Bxf3 8. gxf3
e5 9. a4 Nbd7 10. Qa3 Nb6 11. Qb4 Nc4 12. axb5 axb5 13. Rxa8 Qxa8 14. Kd1 Be7
15. b3 Qa5 16. Qxa5 Nxa5 17. Kc2 Nd7 18. Bd2 exd4 19. exd4 Bf6 20. Nxd5 Bxd4
21. Bxa5 Nxc5 22. Nb4 Kd7 23. Bh3+ Ne6 24. Rd1 c5 25. Nd3 Kc6 26. f4 g6 27.
Ne5+ Bxe5 28. Bg2# 1-0

[Event "35. Rilton Cup 2005/2006"]
[Site "Stockholm"]
[Date "2005.12.29"]
[Round "3.14"]
[White "Sisatto, Olli"]
[Black "Cicak, Slavko"]
[Result "0-1"]
[WhiteElo "2250"]
[BlackElo "2497"]
[PlyCount "82"]
[EventDate "2005.12.27"]
[EventType "swiss"]
[EventRounds "9"]
[EventCountry "SWE"]
[Source "lmi"]
[SourceDate "2006.01.06"]

1. d4 g6 2. e4 Bg7 3. Nc3 c6 4. Nf3 d6 5. a4 Bg4 6. Be2 d5 7. Be3 Bxf3 8. Bxf3
e6 9. O-O Ne7 10. Qd2 O-O 11. Rfd1 Nd7 12. Bh6 a5 13. g3 Qb6 14. Bxg7 Kxg7 15.
Ra3 Nf6 16. Rb3 Qc7 17. h4 h6 18. Bg2 Nc8 19. e5 Nd7 20. f4 Ne7 21. Bh3 h5 22.
Kh2 Nb6 23. Qf2 Rfd8 24. Ra1 Nc4 25. Rd1 Ng8 26. Ne2 Nh6 27. Ng1 Rab8 28. Rb1
b5 29. axb5 cxb5 30. Nf3 b4 31. c3 Qd7 32. cxb4 Qa4 33. Rd3 Qa2 34. Rf1 a4 35.
b3 axb3 36. Qxa2 bxa2 37. Ra1 Rxb4 38. Rxa2 Rdb8 39. Rc3 Rb1 40. Rac2 Rd1 41.
Re2 Ng4+ 0-1

[Event "35. Rilton Cup 2005/2006"]
[Site "Stockholm"]
[Date "2005.12.29"]
[Round "3.15"]
[White "Handke, Florian"]
[Black "Papadopoulou, Vera"]
[Result "1-0"]
[WhiteElo "2460"]
[BlackElo "2220"]
[PlyCount "89"]
[EventDate "2005.12.27"]
[EventType "swiss"]
[EventRounds "9"]
[EventCountry "SWE"]
[Source "lmi"]
[SourceDate "2006.01.06"]

1. e4 d5 2. exd5 Qxd5 3. Nf3 Bg4 4. Be2 Nf6 5. O-O e6 6. Nc3 Qd6 7. d3 c6 8.
Bg5 Nbd7 9. Bh4 Qc7 10. h3 Bh5 11. Nd4 Bxe2 12. Qxe2 Qe5 13. Qxe5 Nxe5 14. Bxf6
gxf6 15. Ne4 Be7 16. f4 Nd7 17. f5 e5 18. Ne2 O-O-O 19. Kf2 Rhg8 20. N2g3 Nc5
21. Rad1 Rd4 22. Kf3 Rb4 23. b3 Rd4 24. h4 Rgd8 25. Nxc5 Bxc5 26. Ne4 Be7 27.
Rh1 c5 28. a4 b6 29. Ra1 a6 30. Rh3 Rg8 31. Rg3 Rxg3+ 32. Kxg3 Kb7 33. Kf3 Rd8
34. Rh1 b5 35. axb5 axb5 36. Ra1 Kb6 37. g3 Rc8 38. c4 Rd8 39. Rd1 Ka5 40. Ke2
Kb4 41. Ra1 Rd7 42. Kd2 Kxb3 43. Rb1+ Ka3 44. Rxb5 Ra7 45. Kc2 1-0

[Event "35. Rilton Cup 2005/2006"]
[Site "Stockholm"]
[Date "2005.12.29"]
[Round "3.18"]
[White "Backmann, Michael"]
[Black "Kolbus, Dietmar"]
[Result "0-1"]
[WhiteElo "2110"]
[BlackElo "2413"]
[PlyCount "64"]
[EventDate "2005.12.27"]
[EventType "swiss"]
[EventRounds "9"]
[EventCountry "SWE"]
[Source "lmi"]
[SourceDate "2006.01.06"]

1. d4 Nf6 2. c4 g6 3. Nc3 d5 4. Bg5 Ne4 5. Bf4 Nxc3 6. bxc3 dxc4 7. e3 Be6 8.
Rb1 Bd5 9. f3 b6 10. e4 Bb7 11. Be5 f6 12. Bf4 Ba6 13. d5 Qd7 14. g3 Bg7 15.
Bh3 f5 16. Ne2 O-O 17. Nd4 c5 18. Ne6 Bxc3+ 19. Kf2 fxe4 20. Bg4 Rxf4 21. gxf4
e3+ 22. Kg3 Qd6 23. h4 Nd7 24. h5 g5 25. Nxg5 Rf8 26. Be6+ Kh8 27. Nf7+ Rxf7
28. Bxf7 Bd2 29. Rh4 c3 30. Rg4 Nf6 31. Rg5 e2 32. Qa4 b5 0-1

[Event "35. Rilton Cup 2005/2006"]
[Site "Stockholm"]
[Date "2005.12.29"]
[Round "3.19"]
[White "Turpin, Alexander"]
[Black "Jens, Jelmer"]
[Result "0-1"]
[WhiteElo "2082"]
[BlackElo "2366"]
[PlyCount "76"]
[EventDate "2005.12.27"]
[EventType "swiss"]
[EventRounds "9"]
[EventCountry "SWE"]
[Source "lmi"]
[SourceDate "2006.01.06"]

1. d4 Nf6 2. c4 e6 3. Nc3 Bb4 4. e3 b6 5. Bd3 Bb7 6. Nf3 c5 7. O-O O-O 8. a3
cxd4 9. exd4 Bxc3 10. bxc3 d6 11. Bf4 Nc6 12. Re1 Re8 13. Rb1 Na5 14. Re3 d5
15. Ne5 dxc4 16. Nxc4 Qd5 17. Qf1 Nxc4 18. Bxc4 Qf5 19. Bd6 Rad8 20. Bg3 Rc8
21. Re5 Qg6 22. Rc1 Red8 23. f3 Nh5 24. Bh4 Rd6 25. Bd3 f5 26. Be7 Rd7 27. Bh4
Rdc7 28. c4 Nf4 29. Bg3 Nxd3 30. Qxd3 Ba6 31. Qe3 Rxc4 32. Rxc4 Bxc4 33. Be1
Bd5 34. Bb4 Rc2 35. g3 Qh5 36. h4 a5 37. Rxd5 exd5 38. Qe6+ Qf7 0-1

[Event "35. Rilton Cup 2005/2006"]
[Site "Stockholm"]
[Date "2005.12.29"]
[Round "3.21"]
[White "Berczes, David"]
[Black "Unmack, Christian"]
[Result "1-0"]
[WhiteElo "2475"]
[BlackElo "2191"]
[PlyCount "89"]
[EventDate "2005.12.27"]
[EventType "swiss"]
[EventRounds "9"]
[EventCountry "SWE"]
[Source "lmi"]
[SourceDate "2006.01.06"]

1. d4 Nf6 2. c4 e6 3. Nf3 d5 4. Nc3 Nbd7 5. cxd5 exd5 6. Bg5 Be7 7. e3 O-O 8.
Bd3 Re8 9. Qc2 Nf8 10. O-O c6 11. Rae1 Ne4 12. Bf4 Bf5 13. Ne5 f6 14. Nf3 Nxc3
15. bxc3 Bxd3 16. Qxd3 Bd6 17. Bxd6 Qxd6 18. c4 dxc4 19. Qxc4+ Qe6 20. Qc2 Ng6
21. Rb1 Re7 22. a4 f5 23. a5 Rae8 24. h4 Qf6 25. h5 Nh4 26. Nxh4 Qxh4 27. Qxf5
Rf8 28. Qc5 Ref7 29. f4 Rf5 30. Qc4+ Kh8 31. Rf3 Rxh5 32. Rh3 Qg4 33. Rxh5 Qxh5
34. Qc5 Qe8 35. Kf2 Qd8 36. g3 Re8 37. Rxb7 Qf6 38. Qe5 Qg6 39. f5 Rf8 40. Rb8
Qf7 41. Qe6 Qxe6 42. Rxf8+ Qg8 43. Rxg8+ Kxg8 44. Kf3 Kf7 45. Kf4 1-0

[Event "35. Rilton Cup 2005/2006"]
[Site "Stockholm"]
[Date "2005.12.29"]
[Round "3.22"]
[White "Hallerod, Ralph"]
[Black "Miezis, Normunds"]
[Result "0-1"]
[WhiteElo "2178"]
[BlackElo "2470"]
[PlyCount "44"]
[EventDate "2005.12.27"]
[EventType "swiss"]
[EventRounds "9"]
[EventCountry "SWE"]
[Source "lmi"]
[SourceDate "2006.01.06"]

1. d4 Nf6 2. c4 c5 3. Nf3 cxd4 4. Nxd4 e5 5. Nb5 d5 6. e3 a6 7. N5a3 d4 8. exd4
exd4 9. Be2 Nc6 10. O-O Bd6 11. Nc2 O-O 12. Ne1 Qc7 13. h3 Re8 14. Nd2 Bf5 15.
Nb3 Qd7 16. Nd3 h6 17. Bf3 Rad8 18. Nbc5 Qc8 19. a3 b6 20. Nxa6 Bxd3 21. Bxc6
Bxf1 22. Qa4 Re1 0-1

[Event "35. Rilton Cup 2005/2006"]
[Site "Stockholm"]
[Date "2005.12.29"]
[Round "3.23"]
[White "Bentsen, Oyvind"]
[Black "Gagarin, Vasilij"]
[Result "0-1"]
[WhiteElo "2146"]
[BlackElo "2422"]
[PlyCount "122"]
[EventDate "2005.12.27"]
[EventType "swiss"]
[EventRounds "9"]
[EventCountry "SWE"]
[Source "lmi"]
[SourceDate "2006.01.06"]

1. e4 c5 2. Nf3 Nc6 3. d4 cxd4 4. Nxd4 Nf6 5. Nc3 e5 6. Ndb5 d6 7. Bg5 a6 8.
Na3 b5 9. Nd5 Be7 10. Bxf6 Bxf6 11. c3 Rb8 12. Nc2 Bg5 13. Bd3 Ne7 14. Nce3
Bxe3 15. Nxe3 O-O 16. O-O Be6 17. Qc2 a5 18. Qe2 Qb6 19. Kh1 g6 20. b3 Kh8 21.
Rfd1 Rfc8 22. c4 b4 23. Bc2 Qc7 24. Qd2 Rd8 25. Rf1 Nc6 26. f4 exf4 27. Rxf4
Ne5 28. Raf1 Qe7 29. Qd4 Qc7 30. Bd1 Qc5 31. Qd2 Rf8 32. Bc2 Rg8 33. Bd1 Rbe8
34. Nc2 Re7 35. Nd4 Bd7 36. Rf6 Rd8 37. Nf3 Nxf3 38. R6xf3 Kg8 39. Bc2 Bc6 40.
Rh3 Qe5 41. Qh6 f5 42. Re3 Rde8 43. h3 Qb2 44. Bb1 Bxe4 45. Bxe4 Rxe4 46. Rxe4
Rxe4 47. Qg5 Qe5 48. Qd8+ Kg7 49. Qc7+ Kh6 50. Qd8 Re2 51. Qf8+ Kg5 52. Qg8 h6
53. Qd8+ Kh5 54. Rg1 g5 55. Qf8 Qe6 56. Kh2 Qe5+ 57. Kh1 Qe6 58. Kh2 Rxa2 59.
Rf1 f4 60. Rf3 Re2 61. h4 Qg4 0-1

[Event "35. Rilton Cup 2005/2006"]
[Site "Stockholm"]
[Date "2005.12.29"]
[Round "3.24"]
[White "Nyland, Thomas"]
[Black "Bellon Lopez, Juan Manuel"]
[Result "0-1"]
[WhiteElo "2147"]
[BlackElo "2401"]
[PlyCount "98"]
[EventDate "2005.12.27"]
[EventType "swiss"]
[EventRounds "9"]
[EventCountry "SWE"]
[Source "lmi"]
[SourceDate "2006.01.06"]

1. d4 Nf6 2. c4 c5 3. Nf3 cxd4 4. Nxd4 e5 5. Nf3 Bc5 6. e3 e4 7. Nd4 Nc6 8.
Nxc6 bxc6 9. Nc3 O-O 10. Be2 d5 11. O-O Bd6 12. cxd5 cxd5 13. Nb5 Be5 14. Nd4
Qd6 15. f4 exf3 16. Nxf3 Bg4 17. Nxe5 Bxe2 18. Qxe2 Qxe5 19. Qd3 Rac8 20. Rb1
Rfe8 21. Rf5 Qe4 22. Qxe4 dxe4 23. Bd2 Ng4 24. Rf4 Rc2 25. Rxg4 Rxd2 26. Kf1 f5
27. Rf4 Re5 28. Rf2 Red5 29. Rxd2 Rxd2 30. a4 Rd3 31. Ke2 Rb3 32. Kd2 Kf7 33.
a5 Ke6 34. Ke2 g5 35. g3 h5 36. h4 g4 37. Kf2 a6 38. Ke2 Kd5 39. Rd1+ Kc4 40.
Rc1+ Kb4 41. Rc2 Kxa5 42. Rc5+ Rb5 43. Rxb5+ Kxb5 44. Kd2 Kc4 45. Kc2 Kb4 46.
b3 Ka3 47. Kc3 a5 48. Kc2 Ka2 49. Kc3 Kb1 0-1

[Event "35. Rilton Cup 2005/2006"]
[Site "Stockholm"]
[Date "2005.12.29"]
[Round "3.25"]
[White "Furhoff, Johan"]
[Black "Azizi, Haroon"]
[Result "1-0"]
[WhiteElo "2354"]
[BlackElo "2145"]
[PlyCount "95"]
[EventDate "2005.12.27"]
[EventType "swiss"]
[EventRounds "9"]
[EventCountry "SWE"]
[Source "lmi"]
[SourceDate "2006.01.06"]

1. d4 d5 2. Nf3 Nc6 3. Bf4 Bg4 4. e3 e6 5. c4 Bb4+ 6. Nc3 Nge7 7. Rc1 O-O 8. a3
Bxc3+ 9. Rxc3 Ng6 10. Bg3 e5 11. dxe5 dxc4 12. Qxd8 Raxd8 13. Bxc4 Ncxe5 14.
Be2 Bxf3 15. gxf3 c6 16. h4 Rfe8 17. h5 Nf8 18. f4 Ned7 19. Bh4 f6 20. Rg1 h6
21. a4 Kh8 22. a5 a6 23. f3 Ne6 24. Kf2 Ndf8 25. Rd1 Rxd1 26. Bxd1 Rd8 27. Bc2
Rd5 28. f5 Nc7 29. e4 Rd8 30. Rd3 Rxd3 31. Bxd3 Nd7 32. Bg3 Nb5 33. Ke3 Kg8 34.
Bxb5 axb5 35. Kd4 Kf7 36. Bd6 Ke8 37. f4 Kf7 38. e5 fxe5+ 39. fxe5 Ke8 40. b4
Kd8 41. f6 gxf6 42. e6 Ne5 43. Bxe5 fxe5+ 44. Kxe5 Ke7 45. Kf5 c5 46. bxc5 b4
47. c6 bxc6 48. Ke4 1-0

[Event "35. Rilton Cup 2005/2006"]
[Site "Stockholm"]
[Date "2005.12.30"]
[Round "4.1"]
[White "Rozentalis, Eduardas"]
[Black "Berg, Emanuel"]
[Result "1/2-1/2"]
[WhiteElo "2585"]
[BlackElo "2540"]
[PlyCount "70"]
[EventDate "2005.12.27"]
[EventType "swiss"]
[EventRounds "9"]
[EventCountry "SWE"]
[Source "lmi"]
[SourceDate "2006.01.06"]

1. e4 e6 2. d4 d5 3. e5 c5 4. c3 Nc6 5. Nf3 Qb6 6. a3 Nh6 7. b4 cxd4 8. Bxh6
gxh6 9. cxd4 Bg7 10. Nc3 O-O 11. Bb5 a5 12. bxa5 Qxa5 13. Qd2 Bd7 14. Bxc6 bxc6
15. O-O c5 16. Qe3 Rfc8 17. Ne2 Bb5 18. dxc5 Bxe2 19. Qxe2 Rxc5 20. Ne1 Rc3 21.
Nd3 Qb5 22. Rfd1 Raxa3 23. Rxa3 Rxa3 24. f4 Qc4 25. g3 Bf8 26. Rd2 Ra1+ 27. Kg2
Qe4+ 28. Qxe4 dxe4 29. Nb2 Bc5 30. Re2 Rc1 31. Na4 Bd4 32. Rxe4 Rc2+ 33. Kf1
Rc4 34. Nc3 Rxc3 35. Rxd4 Rc2 1/2-1/2

[Event "35. Rilton Cup 2005/2006"]
[Site "Stockholm"]
[Date "2005.12.30"]
[Round "4.2"]
[White "Kurnosov, Igor"]
[Black "Iordachescu, Viorel"]
[Result "1/2-1/2"]
[WhiteElo "2523"]
[BlackElo "2583"]
[PlyCount "124"]
[EventDate "2005.12.27"]
[EventType "swiss"]
[EventRounds "9"]
[EventCountry "SWE"]
[Source "lmi"]
[SourceDate "2006.01.06"]

1. e4 c6 2. d4 d5 3. e5 Bf5 4. h4 h6 5. g4 Bd7 6. h5 c5 7. dxc5 Qc7 8. Bf4 e6
9. Nd2 Bxc5 10. Nb3 Bb6 11. Bd3 Nc6 12. Nf3 Nf6 13. Qe2 Ne4 14. Bxe4 dxe4 15.
Qxe4 a5 16. O-O Nb4 17. Nbd4 a4 18. a3 Nd5 19. Bg3 Ra5 20. Qd3 Rc5 21. Nd2 O-O
22. Ne4 Rc4 23. c3 Bxd4 24. cxd4 Bb5 25. g5 Qb6 26. gxh6 Qxd4 27. Qxd4 Rxd4 28.
hxg7 Kxg7 29. Rfe1 Rh8 30. Nf6 Bc6 31. Rac1 Kh6 32. Re4 Rxe4 33. Nxe4 Kxh5 34.
f3 Kg6 35. Kf2 f5 36. exf6 Nxf6 37. Nc5 Rd8 38. Be5 Rd5 39. Bxf6 Kxf6 40. Ke3
Re5+ 41. Kf2 Rh5 42. Kg3 Rg5+ 43. Kf2 Rh5 44. Kg3 Rg5+ 45. Kf2 Rf5 46. Rc3 Rh5
47. b3 axb3 48. Nxb3 Rh2+ 49. Kg3 Rb2 50. Na5 Bd5 51. Nc4 Re2 52. Ne3 Bc6 53.
Nc2 Ke5 54. Nb4 Kd4 55. Rc1 Ba4 56. Rc7 b5 57. Nc6+ Kc3 58. Na7+ Kb3 59. Rc5
Kxa3 60. Nxb5+ Kb4 61. Nc3 Kxc5 62. Nxe2 Bd1 1/2-1/2

[Event "35. Rilton Cup 2005/2006"]
[Site "Stockholm"]
[Date "2005.12.30"]
[Round "4.3"]
[White "Postny, Evgeny"]
[Black "Fontaine, Robert"]
[Result "1/2-1/2"]
[WhiteElo "2571"]
[BlackElo "2507"]
[PlyCount "173"]
[EventDate "2005.12.27"]
[EventType "swiss"]
[EventRounds "9"]
[EventCountry "SWE"]
[Source "lmi"]
[SourceDate "2006.01.06"]

1. d4 d5 2. Nf3 c6 3. c4 Nf6 4. Nc3 dxc4 5. a4 Bf5 6. Ne5 Nbd7 7. Nxc4 Nb6 8.
Ne5 a5 9. f3 Nfd7 10. Nxd7 Nxd7 11. e4 Bg6 12. Be2 e6 13. O-O Bb4 14. Kh1 O-O
15. Be3 Qe7 16. Qb3 f5 17. Na2 Kh8 18. Nxb4 Qxb4 19. Qxb4 axb4 20. Bd2 fxe4 21.
Bxb4 exf3 22. Rxf3 Rxf3 23. Bxf3 Nb6 24. a5 Nd5 25. Bd6 Bd3 26. Kg1 h6 27. Ra3
Bc4 28. Be5 Ne7 29. Be4 Rf8 30. Rf3 Rxf3 31. Bxf3 Kg8 32. Kf2 Kf7 33. g3 Nd5
34. Ke1 g6 35. Kd2 Bb5 36. Bf4 Kg7 37. Bg4 g5 38. Be5+ Kf7 39. Bh5+ Kf8 40. Bg6
Kg8 41. Be4 Kf7 42. h4 gxh4 43. gxh4 h5 44. Bg3 Ba6 45. Be1 Bb5 46. Bf2 Nf6 47.
Bc2 Nd5 48. Bg3 Ne7 49. b3 Nd5 50. Bd6 Kf6 51. Be5+ Kf7 52. Bd1 Kg6 53. Bd6 Ba6
54. Bf3 Bb5 55. Bc5 Ba6 56. Bb6 Bb5 57. Bd8 Ba6 58. Bg5 Bb5 59. Be4+ Kf7 60.
Ke1 Nc3 61. Bc2 Nd5 62. Kf2 Ba6 63. Be4 Bb5 64. Kf3 Ba6 65. Bb1 Bf1 66. Bc2 Bh3
67. Bd3 Bg4+ 68. Kf2 Nb4 69. Be4 Bf5 70. Bf3 Kg6 71. Bd2 Nd5 72. Be2 Bc2 73. b4
Be4 74. Kg3 Bc2 75. b5 cxb5 76. Bxb5 Kf5 77. Be2 Nf6 78. Bb4 Be4 79. Be7 Ng4
80. Bd6 Bc2 81. Bb5 Nf6 82. Be5 Ne4+ 83. Kf3 Nc3 84. Bd7 Ba4 85. Bc8 Bc6+ 86.
Kf2 Nb5 87. a6 1/2-1/2

[Event "35. Rilton Cup 2005/2006"]
[Site "Stockholm"]
[Date "2005.12.30"]
[Round "4.5"]
[White "Nyback, Tomi"]
[Black "Cramling, Pia"]
[Result "1/2-1/2"]
[WhiteElo "2563"]
[BlackElo "2492"]
[PlyCount "73"]
[EventDate "2005.12.27"]
[EventType "swiss"]
[EventRounds "9"]
[EventCountry "SWE"]
[Source "lmi"]
[SourceDate "2006.01.06"]

1. Nf3 d5 2. d4 Nf6 3. c4 c6 4. Nc3 dxc4 5. a4 Bf5 6. Ne5 Na6 7. e3 Nb4 8. Bxc4
e6 9. O-O Bd6 10. Qe2 Nc2 11. Rb1 Bxe5 12. dxe5 Ng4 13. Bb3 Qd3 14. e4 Qxe2 15.
Nxe2 Bxe4 16. f3 Nce3 17. Bxe3 Nxe3 18. fxe4 Nxf1 19. Kxf1 O-O-O 20. Bc2 b5 21.
Ng1 Rd4 22. b3 bxa4 23. bxa4 Kc7 24. Ke2 Rc4 25. Rb2 Rd8 26. Nf3 h6 27. h4 g6
28. a5 Rc5 29. Ra2 Rb8 30. Bd3 Rb4 31. Kd2 Kd7 32. Ke2 Kc7 33. Kd2 Kd7 34. Ke2
Kc7 35. Kd2 Rc3 36. Ke2 Rc5 37. Kd2 1/2-1/2

[Event "35. Rilton Cup 2005/2006"]
[Site "Stockholm"]
[Date "2005.12.30"]
[Round "4.6"]
[White "Ivanov, Sergey"]
[Black "Kolbus, Dietmar"]
[Result "1-0"]
[WhiteElo "2538"]
[BlackElo "2413"]
[PlyCount "73"]
[EventDate "2005.12.27"]
[EventType "swiss"]
[EventRounds "9"]
[EventCountry "SWE"]
[Source "lmi"]
[SourceDate "2006.01.06"]

1. d4 Nf6 2. c4 e6 3. Nf3 b6 4. a3 Bb7 5. Nc3 Be7 6. d5 O-O 7. e4 d6 8. Be2 e5
9. O-O Nbd7 10. b4 a5 11. Be3 Nh5 12. g3 g6 13. Bh6 Ng7 14. Qd2 Kh8 15. Rab1
axb4 16. axb4 Nf6 17. c5 bxc5 18. bxc5 Bc8 19. c6 Ng4 20. Bxg7+ Kxg7 21. Ra1
Rb8 22. Rfb1 Rxb1+ 23. Rxb1 f5 24. Rb8 fxe4 25. Nxe4 Bf6 26. h3 Nh6 27. g4 Be7
28. Qa5 Rf4 29. Qa8 Rxe4 30. Rxc8 Qxc8 31. Qxc8 Rxe2 32. Qxc7 Ng8 33. Qd7 e4
34. Nd4 Re1+ 35. Kg2 e3 36. fxe3 Rxe3 37. g5 1-0

[Event "35. Rilton Cup 2005/2006"]
[Site "Stockholm"]
[Date "2005.12.30"]
[Round "4.7"]
[White "Jens, Jelmer"]
[Black "Hillarp Persson, Tiger"]
[Result "1-0"]
[WhiteElo "2366"]
[BlackElo "2534"]
[PlyCount "53"]
[EventDate "2005.12.27"]
[EventType "swiss"]
[EventRounds "9"]
[EventCountry "SWE"]
[Source "lmi"]
[SourceDate "2006.01.06"]

1. e4 c5 2. Nf3 e6 3. d4 cxd4 4. Nxd4 Nf6 5. Nc3 d6 6. Be3 a6 7. g4 h6 8. Bg2
Nc6 9. h3 Ne5 10. Qe2 g5 11. O-O-O Qc7 12. f4 gxf4 13. Bxf4 Be7 14. Rhf1 Bd7
15. Nf3 Rc8 16. Nxe5 dxe5 17. Bg3 b5 18. Nd5 exd5 19. exd5 Nxg4 20. hxg4 Bxg4
21. Bf3 Bf5 22. Be4 Bxe4 23. Qxe4 Qc4 24. Qf5 Bg5+ 25. Kb1 O-O 26. Bxe5 Qe2 27.
Rh1 1-0

[Event "35. Rilton Cup 2005/2006"]
[Site "Stockholm"]
[Date "2005.12.30"]
[Round "4.8"]
[White "Ask, Josef"]
[Black "Brynell, Stellan"]
[Result "1-0"]
[WhiteElo "2236"]
[BlackElo "2496"]
[PlyCount "73"]
[EventDate "2005.12.27"]
[EventType "swiss"]
[EventRounds "9"]
[EventCountry "SWE"]
[Source "lmi"]
[SourceDate "2006.01.06"]

1. c4 Nf6 2. Nc3 e5 3. Nf3 Nc6 4. a3 d6 5. d4 Bg4 6. d5 Ne7 7. e4 Ng6 8. Be2
Be7 9. O-O Nd7 10. b4 Nf4 11. Bxf4 exf4 12. Nd4 Bxe2 13. Ncxe2 Bg5 14. f3 O-O
15. Qc2 a5 16. c5 Ne5 17. Nb5 Qd7 18. Ned4 Rfb8 19. Rac1 Bf6 20. Rfd1 axb4 21.
axb4 Ng6 22. Rd3 Be5 23. cxd6 cxd6 24. Rc3 Nh4 25. Rc4 h6 26. Qf2 Qd8 27. Nb3
Ng6 28. Na5 Rxa5 29. bxa5 Qxa5 30. Qa7 Qxa7+ 31. Nxa7 Kh7 32. Rb1 Ra8 33. Rxb7
Nh4 34. Kf1 f5 35. Rc8 Rxc8 36. Nxc8 fxe4 37. fxe4 1-0

[Event "35. Rilton Cup 2005/2006"]
[Site "Stockholm"]
[Date "2005.12.30"]
[Round "4.9"]
[White "Cicak, Slavko"]
[Black "Berczes, Csaba"]
[Result "1-0"]
[WhiteElo "2497"]
[BlackElo "2389"]
[PlyCount "157"]
[EventDate "2005.12.27"]
[EventType "swiss"]
[EventRounds "9"]
[EventCountry "SWE"]
[Source "lmi"]
[SourceDate "2006.01.06"]

1. e4 c5 2. Nf3 Nc6 3. Bb5 g6 4. c3 Nf6 5. Qa4 Bg7 6. O-O O-O 7. e5 Ne8 8. Re1
Nc7 9. Bxc6 dxc6 10. Qh4 f6 11. d4 cxd4 12. Nxd4 c5 13. Nf3 Bf5 14. Na3 Qd5 15.
Qg3 Rac8 16. Bf4 Qc6 17. exf6 exf6 18. Nc4 Ne8 19. h4 b5 20. Na5 Qb6 21. b4
cxb4 22. cxb4 Rf7 23. Nb3 Bf8 24. a3 Nd6 25. Nfd4 Bd7 26. Qf3 Nf5 27. Nxf5 Bxf5
28. Be3 Qb7 29. Qxb7 Rxb7 30. Bc5 Kf7 31. Bxf8 Rxf8 32. Nc5 Rc7 33. Red1 Re8
34. Rd6 Bc8 35. Rad1 Rce7 36. Kh2 Kg7 37. R1d4 Re2 38. Rc6 h5 39. Kg3 R2e7 40.
Rf4 Rf8 41. f3 Bb7 42. Rd6 Bc8 43. Kf2 f5 44. Rfd4 Rfe8 45. Rc6 f4 46. Nd3 Re2+
47. Kg1 Bf5 48. Nxf4 Re1+ 49. Kh2 Rc8 50. Ra6 Rc4 51. Rxa7+ Kf6 52. Rd8 Rxf4
53. Rf8+ Ke5 54. Re7+ Be6 55. Rxe6+ Kxe6 56. Rxf4 Ra1 57. Rf8 Kd5 58. Rc8 Rxa3
59. Rc5+ Ke6 60. Rxb5 Rb3 61. Kg3 Rb2 62. Rb8 Kf5 63. b5 Kf6 64. b6 Kg7 65. f4
Rb3+ 66. Kf2 Kh7 67. Rb7+ Kh6 68. Ke2 Rb4 69. g3 Rb3 70. Kd2 Rxg3 71. Kc2 Re3
72. Ra7 Re6 73. Ra6 Kh7 74. Ra7+ Kh6 75. b7 Rb6 76. Kc3 Rb1 77. Kc4 g5 78.
fxg5+ Kg6 79. Kc5 1-0

[Event "35. Rilton Cup 2005/2006"]
[Site "Stockholm"]
[Date "2005.12.30"]
[Round "4.10"]
[White "Nithander, Victor"]
[Black "Handke, Florian"]
[Result "1/2-1/2"]
[WhiteElo "2243"]
[BlackElo "2460"]
[PlyCount "83"]
[EventDate "2005.12.27"]
[EventType "swiss"]
[EventRounds "9"]
[EventCountry "SWE"]
[Source "lmi"]
[SourceDate "2006.01.06"]

1. e4 c5 2. Nf3 e6 3. Nc3 a6 4. d4 cxd4 5. Nxd4 Nc6 6. Be3 Nf6 7. Bd3 Qc7 8.
O-O h5 9. h3 b5 10. Nxc6 Qxc6 11. f3 Bb7 12. Qe1 Bc5 13. a4 b4 14. Na2 d5 15.
e5 Nd7 16. Bxc5 Qxc5+ 17. Kh2 d4 18. f4 a5 19. Qf2 Qd5 20. Be2 Qe4 21. Bd3 Qd5
22. Be2 Qc5 23. Bb5 Bc6 24. Bxc6 Qxc6 25. Qxd4 O-O 26. c3 Nc5 27. Qc4 Rfc8 28.
cxb4 Qxa4 29. Rac1 axb4 30. Nxb4 Rab8 31. Na2 Qxc4 32. Rxc4 Rxb2 33. Nc1 Rbb8
34. Rd1 Na6 35. Rxc8+ Rxc8 36. Ne2 Nb4 37. Ng3 h4 38. Ne4 Nd5 39. Rd4 Rc2 40.
Ng5 g6 41. Nf3 Ne3 42. Nxh4 1/2-1/2

[Event "35. Rilton Cup 2005/2006"]
[Site "Stockholm"]
[Date "2005.12.30"]
[Round "4.12"]
[White "Akesson, Ralf"]
[Black "Stokke, Kjetil"]
[Result "1-0"]
[WhiteElo "2486"]
[BlackElo "2293"]
[PlyCount "107"]
[EventDate "2005.12.27"]
[EventType "swiss"]
[EventRounds "9"]
[EventCountry "SWE"]
[Source "lmi"]
[SourceDate "2006.01.06"]

1. d4 Nf6 2. c4 g6 3. Nc3 Bg7 4. e4 O-O 5. Bg5 d6 6. h3 Na6 7. Nf3 e5 8. d5 Qe8
9. g4 Nd7 10. Rg1 Kh8 11. a3 f5 12. b4 Nf6 13. Nh2 Nxe4 14. Nxe4 fxe4 15. Be3
c6 16. dxc6 bxc6 17. Qxd6 Rf6 18. Qd2 Nc7 19. Bg2 Ne6 20. Bxe4 Nd4 21. Qc3 Rf4
22. Qd3 Ba6 23. Rc1 Qf7 24. Kf1 Rd8 25. Bxf4 Ne6 26. Qxd8+ Nxd8 27. Bg3 Ne6 28.
b5 cxb5 29. cxb5 Bxb5+ 30. Kg2 Nf4+ 31. Kh1 Bf8 32. Rc8 Bd3 33. Ba8 Ba6 34. Rb8
Kg7 35. Rgb1 Bd6 36. R8b3 Nxh3 37. Nf3 Kh6 38. Nxe5 Nxf2+ 39. Kg2 Qe8 40. Bc6
Qe6 41. g5+ Kxg5 42. Bd7 Qd5+ 43. Nf3+ Kh6 44. Bxf2 Bf4 45. Bh3 Bd3 46. Rh1 Bf5
47. Bxf5+ Kg7 48. Bc2 Qd7 49. Bd4+ Kg8 50. Kf2 Bg3+ 51. Kxg3 Qc7+ 52. Be5 Qxc2
53. Rb8+ Kf7 54. Ng5+ 1-0

[Event "35. Rilton Cup 2005/2006"]
[Site "Stockholm"]
[Date "2005.12.30"]
[Round "4.14"]
[White "Molander, Riku"]
[Black "Berczes, David"]
[Result "0-1"]
[WhiteElo "2323"]
[BlackElo "2475"]
[PlyCount "76"]
[EventDate "2005.12.27"]
[EventType "swiss"]
[EventRounds "9"]
[EventCountry "SWE"]
[Source "lmi"]
[SourceDate "2006.01.06"]

1. e4 c5 2. Nf3 d6 3. d4 cxd4 4. Nxd4 Nf6 5. Nc3 a6 6. Bg5 e6 7. f4 Be7 8. Qf3
h6 9. Bh4 Qc7 10. O-O-O Nbd7 11. g4 g5 12. fxg5 Ne5 13. Qg3 Nfxg4 14. gxh6 Bxh4
15. Qxh4 Qe7 16. Qg3 Qg5+ 17. Kb1 Qe3 18. Rg1 Qxg3 19. Rxg3 Rxh6 20. Be2 Nf6
21. Nf3 Nxf3 22. Rxf3 Ke7 23. h3 Bd7 24. Rfd3 Bc6 25. Rxd6 Rxh3 26. R6d4 Rg8
27. a4 Rh2 28. Bd3 Rgg2 29. b4 Ng4 30. b5 axb5 31. axb5 Be8 32. Re1 Ne5 33. Be2
Ng6 34. Kb2 Nf4 35. Bd1 Rg3 36. e5 Nd3+ 37. Rxd3 Rxd3 38. Re4 Bxb5 0-1